| 000 | 01051njm a2200313Ia 4500 | ||
|---|---|---|---|
| 001 | 27977 | ||
| 003 | IT-RoPAU | ||
| 005 | 20220918181112.0 | ||
| 008 | 131025s9999 xx 000 0 und d | ||
| 040 | _aIT-RoPAU | ||
| 040 | _cIT-RoPAU | ||
| 041 | _aITALIANO | ||
| 999 |
_c99094 _d99094 |
||
| 999 | _bNO | ||
| 100 |
_aLewis John _918824 |
||
| 100 |
_eAutore musica _918825 |
||
| 100 |
_gCodice autore musica SPICS: 10627 _918826 |
||
| 245 | _aJazz. Gli uomini, gli strumenti, gli stili 01 | ||
| 250 | _a2a ed. | ||
| 260 | _aMILANO | ||
| 260 |
_bFRATELLI FABBRI EDITORI _c1986 [1a Ed.:1986] |
||
| 300 | _aMUSICASSETTA | ||
| 300 | _c33 minuti (Testo: 12 pag.) | ||
| 500 | _aMusica jazz | ||
| 505 | _aDjango - The Queen's Fancy - Delaunay's Dilemma - Softly In A Morning Sunrise - Concorde - La Ronde - Vendome | ||
| 650 |
_aJAZZ [CASSETTE] _eCodice MATERIA SPICS: 9951 _91831 |
||
| 700 |
_aModern Jazz Quartet _eAutore _gCodice autore SPICS: 10676 _918827 |
||
| 700 |
_aModern Jazz Quartet _gCodice interprete SPICS: 10676 _eInterprete _918828 |
||
| 942 |
_cMC _2ddc |
||